ឥទ្ធិពលនៃការបន្ថែម LYSINE នៅក្នុងចំណីសម្រេចលើការលូតលាស់របស់ជ្រូកសាច់ពីទម្ងន់ ២៥-៦០គីឡូក្រាម, Effect of lysine supplementation to concentrated feed on growth perfprmmance of fattening pigs (25-60kg). (Record no. 18265)
[ view plain ]
| 000 -LEADER | |
|---|---|
| fixed length control field | 00757nam a22001577a 4500 |
| 003 - CONTROL NUMBER IDENTIFIER | |
| control field | LRUA |
| 005 - DATE AND TIME OF LATEST TRANSACTION | |
| control field | 20191003152951.0 |
| 008 - FIXED-LENGTH DATA ELEMENTS--GENERAL INFORMATION | |
| fixed length control field | 191003b xxu||||| |||| 00| 0 eng d |
| 040 ## - CATALOGING SOURCE | |
| Transcribing agency | RUA |
| 082 ## - DEWEY DECIMAL CLASSIFICATION NUMBER | |
| Classification number | DAN ANS 2018 B.468.Or.1 |
| 100 ## - MAIN ENTRY--PERSONAL NAME | |
| 9 (RLIN) | 13941 |
| Personal name | DAN CHANTHEA, ដន ចាន់ធា |
| 245 ## - TITLE STATEMENT | |
| Title | ឥទ្ធិពលនៃការបន្ថែម LYSINE នៅក្នុងចំណីសម្រេចលើការលូតលាស់របស់ជ្រូកសាច់ពីទម្ងន់ ២៥-៦០គីឡូក្រាម, Effect of lysine supplementation to concentrated feed on growth perfprmmance of fattening pigs (25-60kg). |
| 260 ## - PUBLICATION, DISTRIBUTION, ETC. (IMPRINT) | |
| Place of publication, distribution, etc. | RUA |
| Name of publisher, distributor, etc. | PHNOM PENH |
| Date of publication, distribution, etc. | 2018 |
| 300 ## - PHYSICAL DESCRIPTION | |
| Extent | viii; 35p. |
| Other physical details | ill, |
| Dimensions | 29cm, |
| 942 ## - ADDED ENTRY ELEMENTS (KOHA) | |
| Source of classification or shelving scheme | |
| Koha item type | ANS |
| Price effective from | Date last seen | Permanent Location | Not for loan | Date acquired | Source of classification or shelving scheme | Koha item type | Barcode | Lost status | Damaged status | Withdrawn status | Current Location | Full call number |
|---|---|---|---|---|---|---|---|---|---|---|---|---|
| 2019-10-03 | 2019-10-03 | Library Block A | 2019-10-03 | ANS | A44426 | Library Block A | DAN ANS 2018 B.468.Or.1 | |||||
| 2019-10-03 | 2019-10-03 | Library Block A | 2019-10-03 | ANS | Library Block A | DAN ANS 2018 B.468.Or.1 | ||||||
| 2019-10-03 | 2019-10-03 | Library Block A | 2019-10-03 | ANS | Library Block A | DAN ANS 2018 B.468.Or.1 | ||||||
| 2019-10-03 | 2019-10-03 | Library Block A | 2019-10-03 | ANS | Library Block A | DAN ANS 2018 B.468.Or.1 | ||||||
| 2019-10-03 | 2019-10-03 | Library Block A | 2019-10-03 | ANS | Library Block A | DAN ANS 2018 B.468.Or.1 | ||||||
| 2019-10-03 | 2019-10-03 | Library Block A | 2019-10-03 | ANS | Library Block A | DAN ANS 2018 B.468.Or.1 | ||||||
| 2019-10-03 | 2019-10-03 | Library Block A | 2019-10-03 | ANS | Library Block A | DAN ANS 2018 B.468.Or.1 | ||||||
| 2019-10-03 | 2019-10-03 | Library Block A | 2019-10-03 | ANS | Library Block A | DAN ANS 2018 B.468.Or.1 |